书目信息 |
| 题名: |
3ds Max 2008 & Vray 照片级效果图实战
|
|
| 作者: | 王静 , 姚仲波 著 | |
| 分册: | ||
| 出版信息: | 北京 中国建筑工业出版社 2009.08 |
|
| 页数: | 306页 | |
| 开本: | 28cm | |
| 丛书名: | 动漫·电脑艺术设计专业教学丛书暨高级培训教材 | |
| 单 册: | ||
| 中图分类: | TP391.41 | |
| 科图分类: | ||
| 主题词: | 图形软件--tu xing ruan jian 3ds Max 2008 & VRay--技术培训--教材 | |
| 电子资源: | ||
| ISBN: | 978-7-112-11083-4 | |
| 000 | 01438nam 2200277 450 | |
| 001 | 200000001726 | |
| 005 | 20100507171938.46 | |
| 010 | @a978-7-112-11083-4@dCNY68.00 (含光盘) | |
| 010 | @a978-7-89475-077-8@b光盘 | |
| 100 | @a20100515d2009 km y0chiy0121 eb | |
| 101 | 0 | @achi |
| 102 | @aCN@b110000 | |
| 105 | @aa z 000yy | |
| 200 | 1 | @a3ds Max 2008 & Vray 照片级效果图实战@A3ds Max 2008&Vray zhao pian ji xiao guo tu shi zhan@f王静, 姚仲波著 |
| 210 | @a北京@c中国建筑工业出版社@d2009.08 | |
| 215 | @a306页@c图@d28cm@e光盘1片 | |
| 225 | 2 | @a动漫·电脑艺术设计专业教学丛书暨高级培训教材@Adong man dian nao yi shu she ji zhuan ye jiao xue cong shu ji gao ji pei xun jiao cai |
| 330 | @a本书循序渐进地讲解了使用3ds Max 2008+Vray 1.5RC5+Photoshop CS4软件制作照片级效果图的操作步骤。本书采用完全案例教学的编写形式,兼具技术手册和应用技巧参考手册的特点,附带的DVD多媒体光盘教学有如同老师亲自授课一样的效果,技术实用,讲解清晰,不仅可以作为3ds Max2008+Vray效果图制作初、中级读者的学习用书,也可以作为相关专业以及效果图培训班的学习教材。本书配套光盘提供了书中部分实例的素材文件及最终效果文件。 | |
| 410 | 0 | @12001 @a动漫·电脑艺术设计专业教学丛书暨高级培训教材 |
| 606 | 0 | @a图形软件@Atu xing ruan jian 3ds Max 2008 & VRay@x技术培训@j教材 |
| 610 | 0 | @a3ds Max 2008 & VRay |
| 690 | @aTP391.41@v4 | |
| 701 | 0 | @a王静@Awang jing@4著 |
| 701 | 0 | @a姚仲波@Ayao zhong bo@4著 |
| 801 | 0 | @aCN@c20100515 |
| 905 | @dTP391.41@eW2323-2@f3 | |
| 3ds Max 2008 & Vray 照片级效果图实战/王静, 姚仲波著.-北京:中国建筑工业出版社,2009.08 |
| 306页:图;28cm+光盘1片.-(动漫·电脑艺术设计专业教学丛书暨高级培训教材) |
| ISBN 978-7-112-11083-4:CNY68.00 (含光盘) |
| 本书循序渐进地讲解了使用3ds Max 2008+Vray 1.5RC5+Photoshop CS4软件制作照片级效果图的操作步骤。本书采用完全案例教学的编写形式,兼具技术手册和应用技巧参考手册的特点,附带的DVD多媒体光盘教学有如同老师亲自授课一样的效果,技术实用,讲解清晰,不仅可以作为3ds Max2008+Vray效果图制作初、中级读者的学习用书,也可以作为相关专业以及效果图培训班的学习教材。本书配套光盘提供了书中部分实例的素材文件及最终效果文件。 |
| ● |
| 相关链接 |
|
|
|
正题名:3ds Max 2008 & Vray 照片级效果图实战
索取号:TP391.41/W2323-2
 
预约/预借
| 序号 | 登录号 | 条形码 | 馆藏地/架位号 | 状态 | 备注 |
| 1 | 980127 | 209801277 | 自科库301/301自科库 97排1列2层/ [索取号:TP391.41/W2323-2] | 在馆 | |
| 2 | 980128 | 209801286 | 自科二线404/301自科库 65排4列2层/ [索取号:TP391.41/W2323-2] | 在馆 | |
| 3 | 980129 | 209801295 | 自科库301/301自科库 97排1列2层/ [索取号:TP391.41/W2323-2] | 在馆 |